Nueva Eupatorieae (<Asteraceae>) del género Condylopodium R.M. king 'cia' H. Robinson (Registro nro. 14101)

Detalles MARC
000 -CABECERA
Campo de control 004550000a22001210004500
090 ## - CLASIFICACIÓN LOCAL
Colección AS
Consecutivo Seriadas
041 0# - IDIOMA
Código de idioma para texto/pista de sonido o título separado
100 1# - ASIENTO PRINCIPAL--NOMBRE PERSONAL
Nombre personal Díaz Piedrahita, Santiago
245 10 - MENCION DE TITULO
Título Nueva Eupatorieae (<Asteraceae>) del género Condylopodium R.M. king 'cia' H. Robinson
700 1# - ASIENTO SECUNDARIO - NOMBRE PERSONAL
Nombre personal Méndez Ramírez, Gina Paola
773 1# - Item fuente:
Título Revista de la Academia Colombiana de Ciencias Exactas, Fisicas y Naturales
Especificación de materiales 32
Descripción física 94
Paginas del Articulo 17-19
Lugar, editorial y fecha de publicación 2001
Información sobre la relación 25
942 ## - ELEMENTOS ADICIONALES (KOHA)
Tipo de ítem Artículo

No hay ítems disponibles.